000 00653nam a2200181Ia 4500
003 GCL
008 140319s9999 xx 000 0 ara d
040 _aGCL /
_cGCL
082 0 4 _a953.09
_bر ت
100 1 _aرافت الشيخ
245 1 0 _aتاريخ العرب الحديث /
_cرافت الشيخ
260 _aالقاهرة :
_bعين للدراسات والبحوث الانسانية والاجتماعية ،
_c1994
300 _a397 ص ؛
_c24 سم
650 0 4 _aالامبراطورية العثمانية
650 0 4 _aاستقلال البلاد العربية
650 0 4 _aالعالم العربى - تاريخ
942 _2ddc
_cBK
999 _c49666
_d49666